[Event "33. Copenhagen Open (Politiken Cup)"]
[Site "Elsinore"]
[Date "2011.08.07"]
[Round "10"]
[White "Carstensen, Jacob"]
[Black "Finnlaugsson, Gunnar"]
[Result "1-0"]
[WhiteElo "2391"]
[BlackElo "2072"]
[PlyCount "57"]
[EventDate "2011.07.30"]
[EventType "swiss"]
[EventRounds "10"]
[EventCountry "DEN"]
[Source "ChessBase"]
[SourceDate "2011.08.29"]

1. d4 Nf6 2. c4 c5 3. d5 b5 4. cxb5 a6 5. bxa6 g6 6. Nc3 Bxa6 7. g3 d6 8. Bg2
Bg7 9. Nf3 Nbd7 10. Rb1 O-O 11. O-O Qa5 12. Bd2 Rfb8 13. Qc2 Ng4 14. b3 h6 15.
h3 Nge5 16. Ne1 Nf8 17. a4 Qc7 18. f4 Ned7 19. Nf3 e6 20. dxe6 Nxe6 21. Nd5 Qd8
22. f5 gxf5 23. Qxf5 Bxe2 24. Rf2 Bxf3 25. Qxf3 Ne5 26. Qh5 Ng6 27. Rxf7 Ne5
28. Ne7+ Kh8 29. Rxg7 1-0

[Event "33. Copenhagen Open (Politiken Cup)"]
[Site "Elsinore"]
[Date "2011.08.07"]
[Round "10"]
[White "Christensen, Casper"]
[Black "Pedersen, Henrik Bolding"]
[Result "1/2-1/2"]
[WhiteElo "1937"]
[BlackElo "2146"]
[PlyCount "90"]
[EventDate "2011.07.30"]
[EventType "swiss"]
[EventRounds "10"]
[EventCountry "DEN"]
[Source "ChessBase"]
[SourceDate "2011.08.29"]

1. e4 c6 2. d4 d5 3. Nc3 dxe4 4. Nxe4 Nd7 5. Nf3 Ngf6 6. Ng3 c5 7. c3 e6 8. Bd3
Be7 9. Qc2 O-O 10. O-O b6 11. Ne4 Bb7 12. Be3 Qc7 13. Rfe1 c4 14. Nxf6+ Nxf6
15. Bf1 Bxf3 16. gxf3 Nd5 17. Qe4 Bd6 18. h3 Rae8 19. Bd2 Rc8 20. Kh1 Qc6 21.
Bg2 Ne7 22. b3 b5 23. a4 bxa4 24. Qxc6 Rxc6 25. bxc4 Rxc4 26. Bf1 Rc7 27. Rxa4
Nd5 28. c4 Nb6 29. Ra6 Be7 30. c5 Nd5 31. Ba5 Rb7 32. c6 Rb2 33. Kg1 Rc8 34.
Rc1 Bf6 35. Rxa7 Bxd4 36. Rd7 Bxf2+ 37. Kh1 h5 38. Rd8+ Rxd8 39. Bxd8 Be3 40.
c7 Nxc7 41. Rxc7 Rb1 42. Kg2 Rb2+ 43. Kh1 Rb1 44. Kg2 Rb2+ 45. Kh1 Rb1 1/2-1/2

[Event "33. Copenhagen Open (Politiken Cup)"]
[Site "Elsinore"]
[Date "2011.08.07"]
[Round "10"]
[White "Clausen, Hans Jorgen"]
[Black "Krokay, Urszula"]
[Result "0-1"]
[WhiteElo "1675"]
[BlackElo "1940"]
[PlyCount "170"]
[EventDate "2011.07.30"]
[EventType "swiss"]
[EventRounds "10"]
[EventCountry "DEN"]
[Source "ChessBase"]
[SourceDate "2011.08.29"]

1. d4 Nf6 2. Nf3 e6 3. c4 b6 4. e3 Bb7 5. Be2 Bb4+ 6. Bd2 Be7 7. Nc3 O-O 8. O-O
d6 9. Qc2 c5 10. Rac1 Nbd7 11. b3 Rc8 12. h3 Re8 13. Rfe1 cxd4 14. exd4 d5 15.
cxd5 Nxd5 16. Qb2 N7f6 17. Nxd5 Nxd5 18. Rxc8 Qxc8 19. Rc1 Qb8 20. Ne5 Qd6 21.
Bf3 Rd8 22. Nc4 Qb8 23. Ne5 Rd6 24. Bxd5 Rxd5 25. Bf4 Bd6 26. Be3 f6 27. Nc6
Qe8 28. Qc3 Qg6 29. f4 Ba3 30. b4 Bxc6 31. Qxc6 Bxc1 32. Qc8+ Kf7 33. Qc7+ Ke8
34. Qc8+ Ke7 35. Qxc1 Qd3 36. Bf2 Qb5 37. a3 Kd7 38. Qc2 f5 39. Qd1 Qc4 40. Qh5
Qc1+ 41. Kh2 Qxf4+ 42. Bg3 Qxd4 43. Qf7+ Kc6 44. Qxe6+ Kb5 45. Qe8+ Kc4 46.
Qe2+ Qd3 47. Qa2+ Kb5 48. a4+ Kxb4 49. Be1+ Kc5 50. Qb2 Rd7 51. Qb4+ Kc6 52.
Bg3 g5 53. Qf8 f4 54. Qc8+ Rc7 55. Qe6+ Qd6 56. Qe4+ Qd5 57. Qe8+ Kb7 58. Bf2
Rd7 59. Qe2 Qd3 60. Qg4 Qd5 61. Qe2 f3 62. gxf3 Rf7 63. Kg2 h5 64. a5 g4 65.
hxg4 hxg4 66. a6+ Kc7 67. Qc2+ Kd8 68. Bh4+ Kd7 69. Qa4+ b5 70. Qxg4+ Qf5 71.
Qd4+ Kc6 72. Qc3+ Qc5 73. Qh8 Qc2+ 74. Bf2 Qg6+ 75. Kf1 Qd3+ 76. Kg1 Qd1+ 77.
Kh2 Qxf3 78. Qa8+ Kd6 79. Bg3+ Ke6 80. Qe8+ Re7 81. Qc8+ Kf7 82. Qc5 Re2+ 83.
Kh3 Qh1+ 84. Kg4 Re4+ 85. Kf5 Qf3+ 0-1

[Event "33. Copenhagen Open (Politiken Cup)"]
[Site "Elsinore"]
[Date "2011.08.07"]
[Round "10"]
[White "Dyrhaug, Sverre S"]
[Black "Edwardsson, Hannu Kalervo"]
[Result "1-0"]
[WhiteElo "1019"]
[BlackElo "1482"]
[PlyCount "91"]
[EventDate "2011.07.30"]
[EventType "swiss"]
[EventRounds "10"]
[EventCountry "DEN"]
[Source "ChessBase"]
[SourceDate "2011.08.29"]

1. e4 e5 2. Nf3 Nc6 3. Bc4 h6 4. d3 Nf6 5. Be3 Be7 6. O-O O-O 7. Nbd2 d6 8. h3
Na5 9. c3 Nxc4 10. Nxc4 Be6 11. Ncd2 Nh7 12. d4 exd4 13. cxd4 c6 14. Rc1 a6 15.
Re1 Bg5 16. Nxg5 Nxg5 17. f4 Nh7 18. e5 dxe5 19. dxe5 Re8 20. Nc4 Qxd1 21.
Rexd1 Bxc4 22. Rxc4 Nf8 23. Rd6 Ne6 24. Rd7 Reb8 25. f5 Nf8 26. Rc7 Rd8 27.
Rxb7 Rd5 28. Bf4 Nd7 29. e6 fxe6 30. fxe6 Nf6 31. Rxc6 Re8 32. Rxa6 Nh5 33. Rb8
Rxb8 34. Bxb8 Rd1+ 35. Kh2 Rd2 36. Ra8 Kh7 37. e7 Re2 38. Bd6 Nf6 39. b4 Re6
40. Bc5 Kg6 41. b5 Kf7 42. b6 Nd7 43. b7 Re2 44. b8=Q Nxb8 45. Rxb8 Re5 46.
Rf8+ 1-0

[Event "33. Copenhagen Open (Politiken Cup)"]
[Site "Elsinore"]
[Date "2011.08.07"]
[Round "10"]
[White "Eriksson, Christian Altenburg"]
[Black "Hinrichs, Jan"]
[Result "1-0"]
[WhiteElo "2129"]
[BlackElo "1947"]
[PlyCount "73"]
[EventDate "2011.07.30"]
[EventType "swiss"]
[EventRounds "10"]
[EventCountry "DEN"]
[Source "ChessBase"]
[SourceDate "2011.08.29"]

1. e4 c5 2. c3 e6 3. d4 d5 4. e5 Nc6 5. Nf3 Qb6 6. a3 a5 7. Bd3 Nge7 8. dxc5
Qc7 9. Be3 Nxe5 10. Nxe5 Qxe5 11. Bb5+ Nc6 12. Bxc6+ bxc6 13. Qa4 Qc7 14. O-O
Ba6 15. Re1 f6 16. Nd2 Kf7 17. Nf3 e5 18. Qg4 Bc8 19. Qg3 a4 20. Bd4 Ra7 21.
Nxe5+ fxe5 22. Rxe5 Kg8 23. Rae1 Qf7 24. Re8 Bf5 25. Qb8 Rd7 26. Rxf8+ Qxf8 27.
Re8 Kf7 28. Rxf8+ Rxf8 29. Qf4 Kg8 30. Be3 Bc2 31. Qg4 Rb7 32. Qe6+ Kh8 33.
Qxc6 Rxb2 34. h4 Be4 35. Qd6 Rfb8 36. Bd4 Bg6 37. h5 1-0

[Event "33. Copenhagen Open (Politiken Cup)"]
[Site "Elsinore"]
[Date "2011.08.07"]
[Round "10"]
[White "Erikstad, Olav Age"]
[Black "Larsen, Poul M"]
[Result "1-0"]
[WhiteElo "1844"]
[BlackElo "1653"]
[PlyCount "75"]
[EventDate "2011.07.30"]
[EventType "swiss"]
[EventRounds "10"]
[EventCountry "DEN"]
[Source "ChessBase"]
[SourceDate "2011.08.29"]

1. e4 c6 2. d4 d5 3. e5 Bf5 4. g4 Bg6 5. h4 h5 6. e6 fxe6 7. Bd3 Bxd3 8. Qxd3
Nf6 9. Qg6+ Kd7 10. g5 Qe8 11. Nf3 Qxg6 12. Ne5+ Ke8 13. Nxg6 Rh7 14. gxf6 exf6
15. Nxf8 Kxf8 16. Nc3 Nd7 17. Bd2 Kf7 18. O-O-O e5 19. dxe5 Nxe5 20. Rde1 Rhh8
21. Rh3 Rhe8 22. Ne2 Ng4 23. f3 Ne3 24. Nf4 Nf5 25. Nxh5 Rxe1+ 26. Bxe1 Re8 27.
Kd2 Nd4 28. c3 Re2+ 29. Kd3 Nxf3 30. Kxe2 Ng1+ 31. Kf1 Nxh3 32. Kg2 g6 33. Kxh3
gxh5 34. Kg3 Ke6 35. Kf4 b5 36. b4 a6 37. Bf2 f5 38. Be3 1-0

[Event "33. Copenhagen Open (Politiken Cup)"]
[Site "Elsinore"]
[Date "2011.08.07"]
[Round "10"]
[White "Frederiksen, Jens"]
[Black "Rasmussen, Arne"]
[Result "1-0"]
[WhiteElo "1876"]
[BlackElo "1409"]
[PlyCount "64"]
[EventDate "2011.07.30"]
[EventType "swiss"]
[EventRounds "10"]
[EventCountry "DEN"]
[Source "ChessBase"]
[SourceDate "2011.08.29"]

1. e4 e5 2. Nf3 Nc6 3. Bc4 h6 4. d4 exd4 5. Nxd4 Nge7 6. O-O Nxd4 7. Qxd4 Nc6
8. Qc3 d6 9. Bd5 Bd7 10. Qb3 Be6 11. Bxe6 fxe6 12. Qxe6+ Qe7 13. Qg4 Ne5 14.
Qe2 O-O-O 15. f4 Nc6 16. Nc3 Qf7 17. Bd2 Be7 18. Qg4+ Kb8 19. Nd5 h5 20. Qh3
Qg6 21. f5 Qg4 22. Nxe7 Nxe7 23. Qxg4 hxg4 24. Bg5 Rde8 25. Rf4 Nc6 26. Rxg4
Rhg8 27. Bd2 a6 28. Re1 Nd4 29. c3 Nc6 30. b3 Ne5 31. Rg3 Kc8 32. c4 Nc6 1-0

[Event "33. Copenhagen Open (Politiken Cup)"]
[Site "Elsinore"]
[Date "2011.08.07"]
[Round "10"]
[White "Fridman, Daniel"]
[Black "Johannessen, Leif Erlend"]
[Result "1/2-1/2"]
[WhiteElo "2659"]
[BlackElo "2496"]
[PlyCount "55"]
[EventDate "2011.07.30"]
[EventType "swiss"]
[EventRounds "10"]
[EventCountry "DEN"]
[Source "ChessBase"]
[SourceDate "2011.08.29"]

1. Nf3 Nf6 2. g3 d5 3. Bg2 e6 4. O-O Be7 5. c4 O-O 6. b3 c5 7. e3 Nc6 8. Bb2 b6
9. Nc3 dxc4 10. bxc4 Bb7 11. Qe2 Rc8 12. Rad1 Qc7 13. Ne1 Rfd8 14. f4 a6 15. g4
Na5 16. Rf2 Ne8 17. Ne4 b5 18. cxb5 axb5 19. g5 Nc4 20. Ba1 Ncd6 21. Nxd6 Nxd6
22. Nf3 b4 23. d3 c4 24. dxc4 Qxc4 25. Qb2 Qc3 26. Qe2 Qc4 27. Qb2 Qc3 28. Qe2
1/2-1/2

[Event "33. Copenhagen Open (Politiken Cup)"]
[Site "Elsinore"]
[Date "2011.08.07"]
[Round "10"]
[White "Frisvold, Ole Emil"]
[Black "Seirup, Simon"]
[Result "1-0"]
[WhiteElo "1983"]
[BlackElo "1694"]
[PlyCount "85"]
[EventDate "2011.07.30"]
[EventType "swiss"]
[EventRounds "10"]
[EventCountry "DEN"]
[Source "ChessBase"]
[SourceDate "2011.08.29"]

1. d4 d5 2. c4 c6 3. Nf3 Nf6 4. Nc3 e6 5. Bg5 h6 6. Bxf6 Qxf6 7. e3 Nd7 8. Rc1
Bd6 9. Bd3 dxc4 10. Ne4 Qe7 11. Nxd6+ Qxd6 12. Bxc4 b5 13. Bb3 Bb7 14. O-O O-O
15. Qd3 c5 16. Bc2 Nf6 17. dxc5 Qxc5 18. Qh7+ Nxh7 19. Bxh7+ Kxh7 20. Rxc5 Bxf3
21. gxf3 a6 22. Rfc1 Rad8 23. Kf1 Rd2 24. R1c2 Rfd8 25. Rc6 Rxc2 26. Rxc2 Kg6
27. Ke2 Rd6 28. f4 f5 29. f3 Kf6 30. e4 fxe4 31. fxe4 e5 32. Rc5 exf4 33. e5+
Ke6 34. exd6 Kxd6 35. Rf5 g5 36. Rf6+ Ke5 37. Rxh6 g4 38. Rxa6 Ke4 39. Rb6 f3+
40. Kf2 Kd3 41. Rxb5 Kc2 42. Rg5 Kxb2 43. Rxg4 1-0

[Event "33. Copenhagen Open (Politiken Cup)"]
[Site "Elsinore"]
[Date "2011.08.07"]
[Round "10"]
[White "Giffard, Nicolas"]
[Black "Tuhrim, Richard"]
[Result "1-0"]
[WhiteElo "2342"]
[BlackElo "2163"]
[PlyCount "71"]
[EventDate "2011.07.30"]
[EventType "swiss"]
[EventRounds "10"]
[EventCountry "DEN"]
[Source "ChessBase"]
[SourceDate "2011.08.29"]

1. Nf3 Nf6 2. c4 c5 3. g3 g6 4. Bg2 Bg7 5. O-O O-O 6. d4 cxd4 7. Nxd4 Nc6 8.
Nc2 d6 9. Nc3 Be6 10. b3 Nd7 11. Bd2 a5 12. Rb1 Nc5 13. Ne3 f5 14. Ned5 Bd7 15.
Qc1 Nb4 16. Bg5 Nxd5 17. Nxd5 Rf7 18. h4 Rb8 19. Qd2 Ne6 20. Be3 b5 21. cxb5
Rxb5 22. Nc3 Re5 23. Bd5 Kh8 24. Bf4 Rxd5 25. Nxd5 Bc6 26. Be3 Qa8 27. Rfd1 Nf8
28. Nb6 Qa6 29. Rbc1 Bb5 30. Re1 f4 31. gxf4 Rf5 32. Rc7 Bf6 33. a4 Bxh4 34.
axb5 Qxb5 35. Qc3+ Bf6 36. Qc4 1-0

[Event "33. Copenhagen Open (Politiken Cup)"]
[Site "Elsinore"]
[Date "2011.08.07"]
[Round "10"]
[White "Hansen, Anders1"]
[Black "Hedevang, Benjamin"]
[Result "1-0"]
[WhiteElo "1721"]
[BlackElo "1880"]
[PlyCount "59"]
[EventDate "2011.07.30"]
[EventType "swiss"]
[EventRounds "10"]
[EventCountry "DEN"]
[Source "ChessBase"]
[SourceDate "2011.08.29"]

1. b3 d5 2. Bb2 Nc6 3. e3 e5 4. Bb5 Bd6 5. f4 Qh4+ 6. g3 Qe7 7. Nf3 f6 8. fxe5
Bc5 9. O-O Bg4 10. d4 Bb6 11. Qe1 Bxf3 12. Rxf3 O-O-O 13. Bxc6 bxc6 14. a4 a6
15. c4 dxc4 16. bxc4 fxe5 17. c5 Ba7 18. Qf1 Kb7 19. Nd2 Bxc5 20. Nc4 exd4 21.
Rb1 Ka7 22. Na5 Qd6 23. exd4 Bb6 24. Nb3 Qd5 25. a5 Nf6 26. axb6+ cxb6 27. Ra1
Qb5 28. Qxb5 cxb5 29. Rf5 Nd5 30. Rf7+ 1-0

[Event "33. Copenhagen Open (Politiken Cup)"]
[Site "Elsinore"]
[Date "2011.08.07"]
[Round "10"]
[White "Hansen, Mads"]
[Black "Lund, Silas"]
[Result "0-1"]
[WhiteElo "2224"]
[BlackElo "2388"]
[PlyCount "96"]
[EventDate "2011.07.30"]
[EventType "swiss"]
[EventRounds "10"]
[EventCountry "DEN"]
[Source "ChessBase"]
[SourceDate "2011.08.29"]

1. e4 c5 2. Nf3 d6 3. d4 cxd4 4. Nxd4 Nf6 5. Nc3 g6 6. Be3 Bg7 7. Be2 Nc6 8.
Qd2 Ng4 9. Bxg4 Bxg4 10. f3 Be6 11. Nxe6 fxe6 12. Bh6 Bxc3 13. Qxc3 Qa5 14.
Qxa5 Nxa5 15. O-O-O Kf7 16. h4 Rhg8 17. b3 b5 18. Kb2 Nc6 19. Rc1 Rac8 20. Rhd1
Ne5 21. Be3 Rc7 22. Bd4 Nc6 23. Be3 Ne5 24. Bd4 Nc6 25. Be3 Na5 26. a4 bxa4 27.
Ra1 Rb8 28. Rxa4 Nc4+ 29. Rxc4 Rxc4 30. Bxa7 Rb7 31. Bd4 d5 32. c3 Ra4 33. Bc5
dxe4 34. Bb4 Ra6 35. Bc5 exf3 36. gxf3 Ra5 37. Be3 Rf5 38. Rf1 Re5 39. Re1 Rf5
40. Rf1 Rh5 41. c4 Rxh4 42. Kc3 Rh2 43. c5 Re2 44. Bh6 e5 45. Rc1 Ke6 46. Kc4
Rh2 47. c6 Rb6 48. Kc5 Rxb3 0-1

[Event "33. Copenhagen Open (Politiken Cup)"]
[Site "Elsinore"]
[Date "2011.08.07"]
[Round "10"]
[White "Haubro, Martin"]
[Black "Fjellengen, Baard"]
[Result "1-0"]
[WhiteElo "2040"]
[BlackElo "1905"]
[PlyCount "79"]
[EventDate "2011.07.30"]
[EventType "swiss"]
[EventRounds "10"]
[EventCountry "DEN"]
[Source "ChessBase"]
[SourceDate "2011.08.29"]

1. e4 e5 2. f4 d6 3. Bc4 Nf6 4. Nc3 Be7 5. Nf3 Nc6 6. O-O O-O 7. d3 Bg4 8. h3
Bxf3 9. Rxf3 exf4 10. Rxf4 Ne5 11. Bb3 c5 12. Be3 a6 13. Rf5 Qc7 14. Bg5 c4 15.
dxc4 Nxc4 16. Bxf6 Bxf6 17. Nd5 Qc5+ 18. Kh1 Ne3 19. Nxf6+ gxf6 20. Rxc5 Nxd1
21. Rf5 Nxb2 22. Rb1 Rae8 23. Rxb2 Rxe4 24. Bd5 Re1+ 25. Kh2 b5 26. Bb7 Kg7 27.
Bxa6 Ra8 28. Bxb5 Re5 29. Rxe5 fxe5 30. c4 Kf6 31. a4 Ke6 32. Rd2 Ra7 33. g4 f6
34. Kg3 Rg7 35. Kf3 h6 36. a5 Rc7 37. a6 Ra7 38. Ke4 h5 39. Ra2 hxg4 40. hxg4
1-0

[Event "33. Copenhagen Open (Politiken Cup)"]
[Site "Elsinore"]
[Date "2011.08.07"]
[Round "10"]
[White "Hauge, Lars Oskar"]
[Black "Hansen, Verner"]
[Result "1-0"]
[WhiteElo "2052"]
[BlackElo "1915"]
[PlyCount "89"]
[EventDate "2011.07.30"]
[EventType "swiss"]
[EventRounds "10"]
[EventCountry "DEN"]
[Source "ChessBase"]
[SourceDate "2011.08.29"]

1. e4 d5 2. exd5 Qxd5 3. Nc3 Qa5 4. d4 c6 5. Nf3 e6 6. Bc4 Nf6 7. Bd2 Nbd7 8.
Qe2 Bb4 9. O-O-O Nb6 10. Bb3 Nbd5 11. Ne4 Bxd2+ 12. Nfxd2 b5 13. Nxf6+ Nxf6 14.
g4 Qd8 15. g5 Nd5 16. Qe5 O-O 17. h4 a5 18. Bxd5 Qxd5 19. Qxd5 cxd5 20. Nb3 a4
21. Nc5 b4 22. Kd2 f6 23. Ke3 fxg5 24. hxg5 Rf5 25. f4 Ra7 26. Rdf1 a3 27. b3
Raf7 28. Rf2 g6 29. c3 e5 30. dxe5 bxc3 31. Rc1 d4+ 32. Kxd4 Rxf4+ 33. Rxf4
Rxf4+ 34. Kxc3 Rf5 35. Rd1 Kf7 36. Re1 Rf2 37. Ne4 Rxa2 38. Nd6+ Ke6 39. Nxc8
Rg2 40. Nb6 Rxg5 41. Nc4 a2 42. b4 Rg3+ 43. Kb2 Rg2+ 44. Kb3 Kd5 45. Ne3+ 1-0

[Event "33. Copenhagen Open (Politiken Cup)"]
[Site "Elsinore"]
[Date "2011.08.07"]
[Round "10"]
[White "Hendriks, Willy"]
[Black "Hector, Jonny"]
[Result "1-0"]
[WhiteElo "2415"]
[BlackElo "2568"]
[PlyCount "87"]
[EventDate "2011.07.30"]
[EventType "swiss"]
[EventRounds "10"]
[EventCountry "DEN"]
[Source "ChessBase"]
[SourceDate "2011.08.29"]

1. e4 e5 2. Nf3 Nc6 3. Bc4 Nf6 4. d3 Be7 5. O-O O-O 6. a4 d6 7. c3 Be6 8. Re1
Qd7 9. Nbd2 Rae8 10. a5 Bd8 11. a6 Bxc4 12. dxc4 b6 13. Nf1 Nh5 14. Ne3 g6 15.
Nd5 f5 16. Bh6 Ng7 17. Nd2 Rf7 18. Bxg7 Kxg7 19. exf5 gxf5 20. f4 Nb8 21. Qh5
Re6 22. Re3 c6 23. Nb4 Rh6 24. Rg3+ Rg6 25. Re1 exf4 26. Rh3 Kg8 27. Nd3 Rg4
28. Rf1 Rfg7 29. Nxf4 Bg5 30. Re3 Rg6 31. Rfe1 Bxf4 32. Re8+ Kf7 33. Qxh7+ Rg7
34. Qh5+ R4g6 35. Rxb8 d5 36. Rb7 Bc7 37. Nf3 Kg8 38. Kh1 Re6 39. Rf1 dxc4 40.
Rxa7 Qd3 41. Rg1 Qd8 42. Nd4 Rf6 43. Re1 Rff7 44. Nxf5 1-0

[Event "33. Copenhagen Open (Politiken Cup)"]
[Site "Elsinore"]
[Date "2011.08.07"]
[Round "10"]
[White "Hjornevik, Asbjorn"]
[Black "Kyrkjebo, Marte Bakken"]
[Result "1/2-1/2"]
[WhiteElo "1835"]
[BlackElo "1522"]
[PlyCount "97"]
[EventDate "2011.07.30"]
[EventType "swiss"]
[EventRounds "10"]
[EventCountry "DEN"]
[Source "ChessBase"]
[SourceDate "2011.08.29"]

1. a3 e5 2. e4 Nf6 3. Nc3 Bc5 4. b4 Bd4 5. Nf3 Bxc3 6. dxc3 d6 7. Bd3 Bg4 8.
Bg5 Nbd7 9. O-O h6 10. Bh4 Qe7 11. h3 Bh5 12. c4 g5 13. Bg3 g4 14. Nh4 gxh3 15.
Qd2 hxg2 16. Kxg2 O-O-O 17. Nf5 Qe6 18. f4 exf4 19. Qxf4 Rdg8 20. c5 Rg4 21.
Nxd6+ cxd6 22. Qxd6 Qxd6 23. cxd6 Rhg8 24. Rf3 Ne5 25. Rxf6 Rxg3+ 26. Kf2 Ng4+
27. Kxg3 Nxf6+ 28. Kf4 Re8 29. Rh1 Bg6 30. Rxh6 a6 31. Kg5 Nxe4+ 32. Bxe4 Rxe4
33. Rh8+ Kd7 34. Rb8 Re5+ 35. Kf4 Re4+ 36. Kf3 Kc6 37. d7 Kxd7 38. Rxb7+ Kc6
39. Rxf7 Bxf7 40. Kxe4 Bg6+ 41. Kd4 Bxc2 42. Kc4 Kb6 43. Kc3 Bf5 44. a4 Bd7 45.
a5+ Kb5 46. Kb3 Be6+ 47. Kc2 Kxb4 48. Kb2 Kxa5 49. Ka3 1/2-1/2

[Event "33. Copenhagen Open (Politiken Cup)"]
[Site "Elsinore"]
[Date "2011.08.07"]
[Round "10"]
[White "Hojgaard, Brandur"]
[Black "Rasmussen, Ole H"]
[Result "1/2-1/2"]
[WhiteElo "1480"]
[BlackElo "1769"]
[PlyCount "106"]
[EventDate "2011.07.30"]
[EventType "swiss"]
[EventRounds "10"]
[EventCountry "DEN"]
[Source "ChessBase"]
[SourceDate "2011.08.29"]

1. d4 Nf6 2. c4 d6 3. Nc3 g6 4. Nf3 Bg7 5. Bg5 O-O 6. e4 h6 7. Bd2 Nbd7 8. Qc1
Kh7 9. Bd3 e5 10. b4 exd4 11. Nd5 Ne5 12. Nxe5 dxe5 13. O-O Nh5 14. b5 c6 15.
Nb4 c5 16. Nd5 b6 17. f4 Nxf4 18. Bxf4 exf4 19. Qxf4 Be6 20. Rf3 f5 21. Qg3 Qb8
22. Qh4 Qd8 23. Qg3 Rf7 24. Raf1 Qd7 25. Nf4 Rf6 26. Nxe6 Qxe6 27. exf5 gxf5
28. Bxf5+ Rxf5 29. Rxf5 Rd8 30. Kh1 Qxc4 31. Rf7 Rg8 32. h3 d3 33. Qf4 Qc3 34.
Rd7 c4 35. Rc1 Qb4 36. Rxd3 Qxb5 37. Qxc4 Qf5 38. Rf3 Qg5 39. Rf7 b5 40. Qe4+
Kh8 41. Rcc7 a5 42. Qf4 Qg6 43. Qf5 Qxf5 44. Rxf5 Re8 45. Rcc5 Re2 46. Rxb5
Rxa2 47. Rxa5 Re2 48. Kh2 Kh7 49. h4 Kg6 50. Kh3 Re3+ 51. Rf3 Re1 52. Rg3+ Kh7
53. Kh2 Be5 1/2-1/2

[Event "33. Copenhagen Open (Politiken Cup)"]
[Site "Elsinore"]
[Date "2011.08.07"]
[Round "10"]
[White "Holm, Henrik"]
[Black "Jacobsen, Per"]
[Result "1-0"]
[WhiteElo "1853"]
[BlackElo "1670"]
[PlyCount "41"]
[EventDate "2011.07.30"]
[EventType "swiss"]
[EventRounds "10"]
[EventCountry "DEN"]
[Source "ChessBase"]
[SourceDate "2011.08.29"]

1. e4 Nf6 2. e5 Nd5 3. c4 Nb6 4. d4 d6 5. exd6 cxd6 6. Nf3 g6 7. Be3 Bg7 8. Nc3
O-O 9. Rc1 Nc6 10. h3 Re8 11. Bd3 Nb4 12. Be2 Bf5 13. O-O Rc8 14. b3 Nc6 15.
Qd2 a6 16. Rfd1 Qc7 17. Nd5 Qd8 18. Nxb6 Qxb6 19. d5 Qc7 20. dxc6 Qxc6 21. Nd4
1-0

[Event "33. Copenhagen Open (Politiken Cup)"]
[Site "Elsinore"]
[Date "2011.08.07"]
[Round "10"]
[White "Hvenekilde, Jorgen"]
[Black "Hess, Peter"]
[Result "1/2-1/2"]
[WhiteElo "2089"]
[BlackElo "1948"]
[PlyCount "31"]
[EventDate "2011.07.30"]
[EventType "swiss"]
[EventRounds "10"]
[EventCountry "DEN"]
[Source "ChessBase"]
[SourceDate "2011.08.29"]

1. d4 Nf6 2. c4 e6 3. Nf3 c5 4. d5 exd5 5. cxd5 d6 6. g3 g6 7. Bg2 Bg7 8. O-O
O-O 9. Nc3 Re8 10. Nd2 a6 11. a4 b6 12. h3 Nbd7 13. e4 Rb8 14. Nc4 Ne5 15. Nxe5
Rxe5 16. Re1 1/2-1/2

[Event "33. Copenhagen Open (Politiken Cup)"]
[Site "Elsinore"]
[Date "2011.08.07"]
[Round "10"]
[White "Hviid, Hans Henrik"]
[Black "Andersen, Guttorm"]
[Result "0-1"]
[WhiteElo "1319"]
[BlackElo "1768"]
[PlyCount "104"]
[EventDate "2011.07.30"]
[EventType "swiss"]
[EventRounds "10"]
[EventCountry "DEN"]
[Source "ChessBase"]
[SourceDate "2011.08.29"]

1. f4 c5 2. Nf3 Nc6 3. g3 e6 4. c3 b6 5. Bg2 Qc7 6. O-O d5 7. b3 Nf6 8. Bb2 Bd6
9. e3 Bb7 10. d4 Ba6 11. Re1 c4 12. b4 b5 13. a4 O-O 14. Na3 bxa4 15. Qxa4 Qb6
16. Rab1 Rab8 17. Ba1 Bc8 18. Ne5 Ne7 19. h3 Nf5 20. Kf2 Rb7 21. Qc2 Be7 22. g4
Nd6 23. Rb2 Nfe4+ 24. Bxe4 Nxe4+ 25. Kg2 f6 26. Nexc4 Qa6 27. Na5 Rc7 28. c4
Bxb4 29. Rxb4 Qxa5 30. Qb2 dxc4 31. Rb1 Ba6 32. Qc2 Qd5 33. Kg1 Rfc8 34. Bc3
Bb7 35. Rb5 Qc6 36. Ba5 Rd7 37. Qg2 c3 38. Rc1 Ba6 39. Rbb1 Bd3 40. Nc2 Qa4 41.
Ra1 Qc4 42. Nb4 Nd2 43. Nxd3 Qxd3 44. Ra2 Qxe3+ 45. Qf2 Nf3+ 46. Kg2 Qxc1 47.
Kxf3 Qd1+ 48. Kg2 Rxd4 49. Rc2 Qxc2 50. Qxc2 Rd2+ 51. Qxd2 cxd2 52. Bxd2 Rc2
0-1

[Event "33. Copenhagen Open (Politiken Cup)"]
[Site "Elsinore"]
[Date "2011.08.07"]
[Round "10"]
[White "Hyldkrog, Lars"]
[Black "Storch, Dominik"]
[Result "1/2-1/2"]
[WhiteElo "2038"]
[BlackElo "1883"]
[PlyCount "51"]
[EventDate "2011.07.30"]
[EventType "swiss"]
[EventRounds "10"]
[EventCountry "DEN"]
[Source "ChessBase"]
[SourceDate "2011.08.29"]

1. e4 d5 2. exd5 Nf6 3. Nf3 Qxd5 4. Nc3 Qh5 5. d4 Bg4 6. Be2 Nc6 7. Be3 O-O-O
8. Qd2 e5 9. d5 Bb4 10. a3 Rxd5 11. Qc1 Bxc3+ 12. bxc3 e4 13. Ng1 Rhd8 14. Qb2
Bxe2 15. Nxe2 Rb5 16. Qc1 a6 17. Nd4 Nxd4 18. cxd4 c6 19. h3 Kd7 20. O-O Ke8
21. c4 Rb3 22. Qc2 Rd3 23. Rab1 Rd7 24. Rb3 Rxb3 25. Qxb3 Qa5 26. a4 1/2-1/2

[Event "33. Copenhagen Open (Politiken Cup)"]
[Site "Elsinore"]
[Date "2011.08.07"]
[Round "10"]
[White "Jacobsen, Fredrik Beer"]
[Black "Haug, Johannes"]
[Result "1-0"]
[WhiteElo "1956"]
[BlackElo "1725"]
[PlyCount "83"]
[EventDate "2011.07.30"]
[EventType "swiss"]
[EventRounds "10"]
[EventCountry "DEN"]
[Source "ChessBase"]
[SourceDate "2011.08.29"]

1. d4 Nf6 2. Nf3 g6 3. c4 Bg7 4. g3 d5 5. cxd5 Nxd5 6. e4 Nb6 7. h3 c6 8. Be3
Be6 9. Nbd2 O-O 10. Rc1 Qd6 11. b3 Rd8 12. Rc5 a5 13. Nc4 Nxc4 14. Bxc4 b6 15.
Bf4 Qxc5 16. dxc5 Rxd1+ 17. Kxd1 Bxc4 18. bxc4 bxc5 19. Kc2 Nd7 20. Rb1 e5 21.
Be3 Ra7 22. a4 f6 23. Nd2 Bf8 24. Nb3 Bd6 25. Rd1 Be7 26. Nxa5 Rxa5 27. Rxd7
Kf8 28. Kb3 Ke8 29. Rb7 Ra6 30. Bd2 h5 31. a5 Bd8 32. Ka4 Be7 33. Rb6 Ra7 34.
Rxc6 Kd7 35. Kb5 Rb7+ 36. Rb6 Ra7 37. a6 Kc7 38. Ba5 Kc8 39. Rc6+ Kb8 40. Bb6
Rd7 41. a7+ Kb7 42. Rc8 1-0

[Event "33. Copenhagen Open (Politiken Cup)"]
[Site "Elsinore"]
[Date "2011.08.07"]
[Round "10"]
[White "Jensen, Torben Brieghel"]
[Black "Svane, Freja"]
[Result "1-0"]
[WhiteElo "1098"]
[BlackElo "1000"]
[PlyCount "55"]
[EventDate "2011.07.30"]
[EventType "swiss"]
[EventRounds "10"]
[EventCountry "DEN"]
[Source "ChessBase"]
[SourceDate "2011.08.29"]

1. Nf3 Nf6 2. g3 g6 3. Bg2 Bg7 4. O-O O-O 5. d3 d6 6. e4 Bg4 7. Nbd2 Nbd7 8. h3
Bxf3 9. Nxf3 c5 10. Qe2 Qc7 11. c3 e6 12. Nh2 h6 13. f4 Rfe8 14. g4 Nh7 15. Be3
Nb6 16. Qd2 Na4 17. h4 Qb6 18. Rab1 Rad8 19. f5 exf5 20. gxf5 a5 21. fxg6 fxg6
22. Bxh6 Bxh6 23. Qxh6 Re6 24. Nf3 Qb5 25. h5 Nf8 26. Ng5 Ree8 27. Rxf8+ Rxf8
28. Qh7# 1-0